000 01147nas a2200301 4500
001 BR2012000230
003 BR-BrBNA
005 20231205115931.0
007 ta
008 230509b bl.|||p| |||| 00| 00por d
040 _aBR-BrBNA
_bpor
_cBiblioteca Nacional de Agricultura
041 _a(Pt)
072 _aQ04
100 1 _aMota, F.M.
100 1 _aCarvalho, H.H.C.
100 1 _aWiest, J.M.
245 1 _aAtividade antibacteriana in vitro de inflorescências de Achyroclines satureioides (Lam.)DC. - Asteraceae ("macela", "marcela")sobre agentes bacterianos de interesses em alimentos
246 1 _aIn vitro antibacterial activity of inflorescences of Achyroclines satureioides (Lam.)DC. - Asteraceae ("macela", "marcela")on bacterial agents of interest in food
650 _aPLANTA MEDICINAL
650 _aBACTÉRIA
650 _aMACELA
650 _aACHYROCLINE SATUREOIDES
650 _aBACTERICIDA
650 _aALIMENTO
773 0 _tRevista Brasileira de Plantas Medicinais (Brazil)
_xISSN 1516-0572
_g(Aug 2011), v. 13(3) p. 298-304
_wBR2012000230
909 _a202311
_bLúcia
_c55
_dLúcia Elande
942 _2AGRIS
_n0
_cANA
999 _c216364
_d216364